[Event "AUT-ch U10 Girls"]
[Site "Linz"]
[Date "2013.05.31"]
[Round "2"]
[White "Enache, Iris"]
[Black "Moerwald, Magdalena"]
[Result "0-1"]
[WhiteElo "1230"]
[BlackElo "1450"]
[PlyCount "50"]
[EventDate "2013.05.31"]
[EventType "swiss"]
[EventRounds "7"]
[EventCountry "AUT"]
[SourceTitle "EXT 2015"]
[Source "ChessBase"]
[SourceDate "2014.11.20"]
[SourceVersion "1"]
[SourceVersionDate "2014.11.20"]
[SourceQuality "1"]

1. e4 e5 2. Nf3 Nc6 3. d4 exd4 4. Bc4 Nf6 5. 0-0 Nxe4 6. Re1 d5 7. Bxd5 Qxd5 8. Nc3 Qd7 9. Nxe4 Be7 10. Bg5 0-0 11. Bxe7 Nxe7 12. Ne5 Qd5 13. Ng4 Qf5 14. f3 Nc6 15. Qd2 Qg6 16. Qg5 f5 17. Ne5 Nxe5 18. Qxg6 Nxg6 19. Nc5 b6 20. Ne6 Bxe6 21. Rxe6 Nf4 22. Rc6 Rac8 23. Rd1 Rfe8 24. Rxd4 Ne2+ 25. Kf2 Nxd4 0-1

[Event "AUT-ch U12 Girls"]
[Site "Linz"]
[Date "2013.05.18"]
[Round "2"]
[White "Moerwald, Magdalena"]
[Black "Enache, Iris"]
[Result "1-0"]
[WhiteElo "1450"]
[BlackElo "1230"]
[PlyCount "65"]
[EventDate "2013.05.18"]
[EventType "swiss"]
[EventRounds "7"]
[EventCountry "AUT"]
[SourceTitle "EXT 2015"]
[Source "ChessBase"]
[SourceDate "2014.11.20"]
[SourceVersion "1"]
[SourceVersionDate "2014.11.20"]
[SourceQuality "1"]

1. e4 e5 2. Nf3 Nf6 3. Nc3 Nc6 4. d4 exd4 5. Nxd4 Bb4 6. Nxc6 bxc6 7. Bd3 d5 8. exd5 cxd5 9. 0-0 0-0 10. Bg5 c6 11. Qf3 Be7 12. Rfe1 h6 13. Bf4 Bg4 14. Qg3 Bb4 15. h3 g5 16. Bc7 Qd7 17. hxg4 Ne8 18. Be5 f6 19. Bf5 Qd8 20. Bd4 c5 21. Be3 d4 22. Rad1 Qb6 23. Qh3 dxe3 24. Rxe3 Qb7 25. Be4 Qb8 26. Bd5+ Kh7 27. Bxa8 Qxa8 28. Re7+ Ng7 29. Rdd7 Rg8 30. Qd3+ Kh8 31. Qg6 Qxg2+ 32. Kxg2 c4 33. Qxh6# 1-0

[Event "Styrian op U08/12 19th"]
[Site "Mureck"]
[Date "2012.08.04"]
[Round "4"]
[White "Enache, Iris"]
[Black "Schmid, Thomas3333"]
[Result "1-0"]
[WhiteElo "909"]
[BlackElo "1369"]
[PlyCount "75"]
[EventDate "2012.08.01"]
[EventType "swiss"]
[EventRounds "9"]
[EventCountry "AUT"]
[SourceTitle "EXT 2014"]
[Source "ChessBase"]
[SourceDate "2013.11.20"]
[SourceVersion "1"]
[SourceVersionDate "2013.11.20"]
[SourceQuality "1"]

1. e4 e5 2. Nf3 Nc6 3. d4 exd4 4. Nxd4 Qf6 5. Be3 Bc5 6. c3 Nge7 7. Bc4 0-0 8. 0-0 d6 9. Qd2 Qg6 10. Kh1 Qxe4 11. f3 Qh4 12. Bg5 Qh5 13. Re1 Ng6 14. Ne2 Nce5 15. Ng3 Nxc4 16. Qd5 c6 17. Qxc5 Qxh2+ 18. Kxh2 dxc5 19. b3 Nce5 20. Nd2 b6 21. f4 Ng4+ 22. Kg1 f6 23. f5 Bxf5 24. Nxf5 fxg5 25. Ne7+ Nxe7 26. Rxe7 Rf7 27. Rae1 Rd8 28. Re8+ Rxe8 29. Rxe8+ Rf8 30. Re4 Rd8 31. Re2 Ne3 32. Nf3 Rd1+ 33. Kf2 g4 34. Ng5 Rd5 35. Ne6 Nf5 36. Ng5 g3+ 37. Ke1 h6 38. Re8# 1-0

[Event "Styrian op U08/12 19th"]
[Site "Mureck"]
[Date "2012.08.03"]
[Round "3"]
[White "Meglic, Jaka"]
[Black "Enache, Iris"]
[Result "1-0"]
[WhiteElo "1586"]
[BlackElo "909"]
[PlyCount "39"]
[EventDate "2012.08.01"]
[EventType "swiss"]
[EventRounds "9"]
[EventCountry "AUT"]
[SourceTitle "EXT 2014"]
[Source "ChessBase"]
[SourceDate "2013.11.20"]
[SourceVersion "1"]
[SourceVersionDate "2013.11.20"]
[SourceQuality "1"]

1. e4 e5 2. Nf3 Nc6 3. Bc4 Nf6 4. d3 Bc5 5. 0-0 h6 6. c3 d6 7. Nbd2 Bg4 8. h3 Bh5 9. Re1 0-0 10. Nf1 d5 11. exd5 Nxd5 12. Ng3 Nf6 13. Nxh5 Nxh5 14. Nxe5 Qh4 15. d4 Rfd8 16. Bxf7+ Kh7 17. Qd3+ Kh8 18. Ng6+ Kh7 19. Nf8+ Kh8 20. Qh7# 1-0

[Event "AUT-ch U12 Girls"]
[Site "Tschagguns"]
[Date "2012.05.29"]
[Round "7"]
[White "Enache, Iris"]
[Black "Apfelthaler, Sandra"]
[Result "0-1"]
[WhiteElo "1136"]
[BlackElo "1162"]
[PlyCount "58"]
[EventDate "2012.05.26"]
[EventType "swiss"]
[EventRounds "7"]
[EventCountry "AUT"]
[SourceTitle "CBM 148 Extra"]
[Source "ChessBase"]
[SourceDate "2012.06.22"]
[SourceVersion "1"]
[SourceVersionDate "2012.06.22"]
[SourceQuality "1"]

1. e4 e5 2. Nf3 Nc6 3. Bc4 Nf6 4. Nc3 Nxe4 5. Nxe4 d5 6. Bxd5 Qxd5 7. d3 Bg4 8. 0-0 Nd4 9. Ned2 Nxf3+ 10. Nxf3 Bxf3 11. Qxf3 Qxf3 12. gxf3 0-0-0 13. Re1 Bd6 14. Be3 Kb8 15. Bg5 f6 16. Bh4 g5 17. Bg3 Rhg8 18. h3 h5 19. Bh2 g4 20. hxg4 hxg4 21. f4 exf4 22. Re4 g3 23. fxg3 fxg3 24. Bxg3 Rxg3+ 25. Kf2 Rh8 26. c4 b6 27. b4 Rh2+ 28. Kf1 Rh1+ 29. Kf2 Rxa1 0-1